Alle Arenaorden der Pokémon - Liga - Statistiken

Allgemein
  • Dieses Quiz wurde 30 mal gespielt
  • Das Durchschnittsergebnis liegt bei 38 aus 72
Antwortstatistiken
Region Ort Orden % Korrekt
Galar Circhester Eis - Orden
95%
Johto Mahagonia City Eisorden
95%
Paldea Montanata Eis - Orden
95%
Hoenn Metarost City Steinorden
95%
Galar Engine City Feuer - Orden
90%
Galar Keelton Wasser - Orden
90%
Paldea Garrafosa City Wasser - Orden
90%
Galar Passbeck Kampf - Orden
85%
Galar Fairballey Feen - Orden
80%
Kalos Romantia City Feenorden
80%
Einall Stratos City Käferorden
80%
Paldea Moldrid Käfer - Orden
80%
Galar Turffield Pflanzen - Orden
80%
Paldea Bolardin Pflanzen - Orden
80%
Galar Claw City Drachen - Orden
75%
Johto Ebenholz City Drachenorden
75%
Kanto Marmoria City Felsorden
75%
Galar Circhester Gesteins - Orden
75%
Einall Vapydro City Giftorden
75%
Kanto Orania City Donnerorden
70%
Kanto Vertania City Erdorden
70%
Sinnoh Sonnewik Lichtorden
70%
Johto Oliviana City Stahlorden
70%
Galar Spikeford Unlicht - Orden
70%
Kanto Zinnoberinsel Vulkanorden
70%
Paldea Fermanca City Elektro - Orden
65%
Kanto Prismania City Farborden
65%
Paldea Asarilla Psycho - Orden
65%
Kanto Azuria City Quellorden
65%
Johto Dukatia City Basisorden
60%
Paldea Mesclarra Normal - Orden
60%
Kanto Fuchsania City Seelenorden
60%
Hoenn Malvenfroh City Dynamo - Orden
55%
Johto Viola City Flügelorden
55%
Kanto Saffronia City Sumpforden
55%
Johto Anemonia City Faustorden
50%
Hoenn Baumhausen City Federorden
50%
Hoenn Bad Lavastadt Hitzeorden
50%
Einall Orion City Triorden
50%
Sinnoh Schleiede Bergorden
45%
Sinnoh Blizzach Firnorden
45%
Johto Azalea City Insektorden
45%
Sinnoh Ewigenau Waldorden
45%
Kalos Tempera City Blattorden
40%
Sinnoh Weideburg Fennorden
40%
Galar Passbeck Geister - Orden
40%
Paldea Frigomonta Geister - Orden
40%
Hoenn Faustauhaven Knöchelorden
40%
Einall Rayono City Voltorden
40%
Einall Abidaya City Wellenorden
40%
Sinnoh Erzelingen Kohleorden
35%
Einall Twindrake City Legendenorden
35%
Johto Teak City Phantomorden
35%
Hoenn Xeneroville Schauerorden
35%
Hoenn Blütenburg City Balanceorden
30%
Einall Eventura City Grundorden
30%
Hoenn Moosbach City Mentalorden
30%
Sinnoh Herzhofen Reliktorden
30%
Einall Marea City Seismo - Orden
30%
Einall Nevaio City Eiszapforden
25%
Einall Panaero City Jetorden
25%
Kalos Nouvaria City Krabbelorden
25%
Sinnoh Fleetburg Minenorden
25%
Kalos Fluxia City Psi - Orden
25%
Orange - Liga Navel Insel Seerubinorden
25%
Kalos Illumina City Ampere - Orden
20%
Kalos Fractalia City Eisbergorden
20%
Kalos Relievera City Wallorden
20%
Kalos Yantara City Rauforden
15%
Orange - Liga Trovita Insel Stachelorden
15%
Orange - Liga Kumquat Insel Jadesternorden
10%
Orange - Liga Mikan Insel Korallenorden
5%
Keine übereinstimmenden Quizze gefunden
Verteilung der Resultate
Anzahl Personen mit jedem Resultat
Perzentil nach korrekt beantworteten Fragen
Ihre Resultats-Entwicklung
Sie haben dieses Quiz noch nicht gespielt